00221nam a2200061Ia 4500245006400000100005400064008004100118 0aTweetalige polisiewoordeboek : bilingual police dictionary  a DU TOIT, I E. Pretoria : JL van Schaik, 1994 210817s9999 xx 000 0 und d